000 00744cam a22001934a 4500
999 _c2036
_d2036
020 _a9781847010032 (hbk.)
020 _a1847010032 (hbk.)
020 _a9789988626822 (pbk.)
020 _a9988626827 (pbk.)
050 0 0 _aHC1060
_b.E36
245 0 4 _aThe economy of Ghana :
_banalytical perspectives on stability, growth & poverty /
_ceditors, Ernest Aryeetey & Ravi Kanbur.
260 _aOxford :
_bJames Currey ;
_aAccra, Ghana :
_bWoeli Publishing Services,
_c2008.
300 _a424 p. :
_bill. ;
_c23 cm.
500 _aOriginally published: 2007.
505 _apt. overview pt. ii. Macroeconomy, trade & finance pt. iii. Poverty education and health index
700 1 _aAryeetey, Ernest,
700 1 _aKanbur, S. M. Ravi.
942 _cBK